[Event "C.to Provinciale AT"]
[Site "Asti ITA"]
[Date "2007.03.24"]
[Round "4"]
[White "Finocchiaro, Gianluca"]
[Black "Blundo, Michele"]
[Result "1-0"]
[WhiteElo "1919"]
[BlackElo "1742"]
[PlyCount "77"]
[EventDate "2007.03.22"]

1. Nf3 Nf6 2. d4 d5 3. c4 e6 4. Nc3 c6 5. cxd5 exd5 6. Bg5 Be7 7. Qc2 Be6 8. e3
Nbd7 9. Bd3 h6 10. Bh4 O-O 11. O-O Re8 12. Rab1 a6 13. b4 b5 14. Rfc1 Rc8 15.
Ne2 Qb6 16. h3 Qb8 17. Nf4 Qa8 18. Nxe6 fxe6 19. Bg6 Rf8 20. Ne5 Qb7 21. f4 Nb8
22. Bxf6 Rxf6 23. Bh7+ Kf8 24. Ng4 Nd7 25. Nxf6 Nxf6 26. g4 Nd7 27. Rb3 Nb6 28.
Qg6 Qc7 29. h4 Qd6 30. Rf1 Nc4 31. g5 Nd2 32. gxh6 Bf6 33. f5 Nxf1 34. Kxf1 Qc7
35. fxe6 Ke7 36. Qf7+ Kd8 37. Qxc7+ Kxc7 38. Bf5 Kb6 39. Rb2 1-0

[Event "C.to Provinciale AT"]
[Site "Asti ITA"]
[Date "2007.03.24"]
[Round "4"]
[White "Forno, Roberto"]
[Black "Castellano, Alfonso"]
[Result "0-1"]
[WhiteElo "1955"]
[BlackElo "1949"]
[PlyCount "96"]
[EventDate "2007.03.22"]

1. e4 c5 2. Nf3 d6 3. d4 cxd4 4. Nxd4 Nf6 5. Nc3 a6 6. Be2 e5 7. Nb3 Be7 8. O-O
Be6 9. f4 Qc7 10. Be3 O-O 11. a4 b6 12. a5 b5 13. Nd5 Bxd5 14. exd5 Nbd7 15. c4
bxc4 16. Rc1 Qb7 17. Bxc4 Rab8 18. Rc3 Ne4 19. Rc2 Kh8 20. Qd3 f5 21. g4 g6 22.
gxf5 gxf5 23. Nd2 Ndc5 24. Qe2 Qb4 25. fxe5 dxe5 26. Nxe4 Nxe4 27. Bb6 Bc5+ 28.
Kh1 Bxb6 29. axb6 Rxb6 30. Bd3 Qe7 31. Bxa6 Qh4 32. Rf3 Rg6 33. Rc8 Rxc8 34.
Bxc8 Ng3+ 35. Rxg3 Rxg3 36. Qxe5+ Rg7 37. Be6 Qe4+ 38. Qxe4 fxe4 39. d6 e3 40.
Bc4 Rg6 41. b4 Rxd6 42. Kg2 Rd4 43. Be2 Rxb4 44. Kf3 Rb3 45. Ke4 Kg7 46. Bd3
Kf6 47. Kxe3 Kg5 48. Kd4 h5 0-1

[Event "C.to Provinciale AT"]
[Site "Asti ITA"]
[Date "2007.03.24"]
[Round "4"]
[White "Fossati, Remigio"]
[Black "Trangoni, Bruno"]
[Result "1-0"]
[WhiteElo "2181"]
[BlackElo "1970"]
[PlyCount "51"]
[EventDate "2007.03.22"]

1. d4 g6 2. c4 Bg7 3. Nc3 d6 4. e4 Nd7 5. Nf3 e5 6. Be2 Ne7 7. O-O O-O 8. dxe5
dxe5 9. b3 c6 10. Ba3 Re8 11. Qc2 Qa5 12. Bd6 f5 13. b4 Qa3 14. Rab1 fxe4 15.
Rb3 Qa6 16. c5 b5 17. cxb6 Qxb6 18. Bc4+ Kh8 19. Nxe4 Nf5 20. Nfg5 h6 21. Rh3
Nxd6 22. Nxd6 Nf6 23. Ndf7+ Kg8 24. Nxh6+ Kf8 25. Qxg6 Qc7 26. Rf3 1-0

[Event "C.to Provinciale AT"]
[Site "Asti ITA"]
[Date "2007.03.24"]
[Round "4"]
[White "Marson, Antonio"]
[Black "Porzio, Massimo"]
[Result "1/2-1/2"]
[WhiteElo "1852"]
[BlackElo "1888"]
[PlyCount "31"]
[EventDate "2007.03.22"]

1. d4 d5 2. Bf4 c6 3. c3 Qb6 4. Qb3 Bf5 5. e3 Nd7 6. Nd2 Ngf6 7. Ngf3 Qxb3 8.
axb3 e6 9. h3 h6 10. Be2 Be7 11. Ne5 Ne4 12. Nxe4 Bxe4 13. O-O f6 14. Bh5+ g6
15. Bxg6+ Bxg6 16. Nxg6 1/2-1/2

[Event "C.to Provinciale AT"]
[Site "Asti ITA"]
[Date "2007.03.24"]
[Round "4"]
[White "Martin, Tiziano"]
[Black "Crepaldi, Marco"]
[Result "1/2-1/2"]
[WhiteElo "2014"]
[BlackElo "1898"]
[PlyCount "115"]
[EventDate "2007.03.22"]

1. e4 c5 2. Nc3 Nc6 3. g3 g6 4. Bg2 Bg7 5. Nge2 e6 6. O-O d6 7. d3 a6 8. Be3
Qc7 9. Qd2 b5 10. f4 Nge7 11. d4 cxd4 12. Nxd4 Bb7 13. f5 gxf5 14. exf5 Nxd4
15. Bxd4 Bxd4+ 16. Qxd4 O-O-O 17. Bxb7+ Qxb7 18. fxe6 fxe6 19. Ne4 Nf5 20. Rxf5
exf5 21. Nxd6+ Kb8 22. Qc5 Qc7 23. Qxc7+ Kxc7 24. Nf7 Rhf8 25. Nxd8 Rxd8 26.
Rf1 Rd5 27. Rf2 Kd7 28. Re2 b4 29. Kf2 Ra5 30. Rd2+ Ke6 31. Rd4 Rc5 32. Rxb4
Rxc2+ 33. Kf3 Rxh2 34. Kf4 Rf2+ 35. Kg5 Rg2 36. Kf4 Rf2+ 37. Ke3 Rh2 38. a4 Rg2
39. Kf3 Rd2 40. Rb6+ Kf7 41. b4 Rb2 42. b5 axb5 43. Rxb5 Ra2 44. Rxf5+ Ke6 45.
Rf4 Ra1 46. Kg4 Ra3 47. Kh4 Ke5 48. Rg4 Kf5 49. Rg5+ Kf6 50. a5 Ra1 51. Rb5 Kg6
52. g4 Rh1+ 53. Kg3 Ra1 54. Kf4 Ra4+ 55. Kg3 Ra1 56. Rd5 h6 57. Rc5 Ra2 58. Rb5
1/2-1/2

[Event "C.to Provinciale AT"]
[Site "Asti ITA"]
[Date "2007.03.24"]
[Round "4"]
[White "Pomaro, Stefano"]
[Black "Davi, Alessandro"]
[Result "0-1"]
[WhiteElo "1901"]
[BlackElo "1677"]
[PlyCount "66"]
[EventDate "2007.03.22"]

1. e4 c6 2. d4 d5 3. exd5 cxd5 4. c4 Nf6 5. Nc3 b6 6. Nf3 e6 7. g3 Bb7 8. Bg2
Be7 9. O-O O-O 10. Ne5 Nbd7 11. Re1 Bb4 12. Bg5 Bxc3 13. bxc3 Qc8 14. Nxd7 Nxd7
15. cxd5 Bxd5 16. Bxd5 exd5 17. Qf3 Qc6 18. Re7 h6 19. Bxh6 gxh6 20. Qg4+ Kh8
21. Rxd7 Qxc3 22. Rd1 Qa5 23. Qh5 Qxa2 24. Rxd5 Kg7 25. Qg4+ Kh7 26. Qe4+ Kg7
27. Rh5 Qe6 28. Re5 Qg6 29. Qe3 Rfd8 30. d5 Rd7 31. Qd4 Kh7 32. Rc1 Rad8 33.
Rc6 Qxc6 0-1

[Event "C.to Provinciale AT"]
[Site "Asti ITA"]
[Date "2007.03.24"]
[Round "4"]
[White "Quirico, Paolo"]
[Black "Grattarola, Fabio"]
[Result "1-0"]
[WhiteElo "2035"]
[BlackElo "2133"]
[PlyCount "81"]
[EventDate "2007.03.22"]

1. d4 d5 2. Nf3 Nf6 3. Bf4 e6 4. e3 Bd6 5. Bg3 Ne4 6. Bxd6 Qxd6 7. c3 Nd7 8.
Nbd2 f5 9. Bd3 O-O 10. Qe2 c6 11. h3 e5 12. Nxe5 Nxe5 13. dxe5 Qxe5 14. f4 Qe7
15. Nxe4 fxe4 16. Bc2 a5 17. g4 b6 18. Bd1 Qc5 19. Qd2 Ba6 20. Be2 Bxe2 21.
Qxe2 a4 22. Qd2 Qb5 23. h4 Rad8 24. h5 c5 25. h6 d4 26. hxg7 Rf7 27. Qh2 Rxg7
28. Rd1 d3 29. Rd2 Qc4 30. Qh4 Rdd7 31. a3 b5 32. Qh5 Kf8 33. Qf5+ Rgf7 34. Qe5
Rfe7 35. Qf5+ Ke8 36. g5 Kd8 37. g6 hxg6 38. Rh8+ Kc7 39. Qxg6 Qa2 40. Qa6 Rd5
41. Rc8+ 1-0

[Event "C.to Provinciale AT"]
[Site "Asti ITA"]
[Date "2007.03.24"]
[Round "4"]
[White "Ronzano, Luca"]
[Black "Monticone, Sonia"]
[Result "1-0"]
[WhiteElo "1996"]
[BlackElo "1667"]
[PlyCount "93"]
[EventDate "2007.03.22"]

1. d4 Nf6 2. Nc3 g6 3. e4 d6 4. f4 Bg7 5. Nf3 O-O 6. e5 dxe5 7. fxe5 Nd5 8. Bc4
e6 9. Ne4 h6 10. O-O Nd7 11. Bd2 b6 12. Bxd5 exd5 13. Ng3 c5 14. c3 Nb8 15. Be3
c4 16. Qd2 Kh7 17. Rf2 Nc6 18. Raf1 Ne7 19. Nh4 Be6 20. Qc2 Kg8 21. h3 b5 22.
Qd2 Kh7 23. Ne2 Nf5 24. Nxf5 Bxf5 25. g4 Be6 26. Nf4 Qe7 27. Qc2 Rae8 28. Nh5
Qh4 29. Rf3 Kh8 30. Nxg7 Kxg7 31. Bf2 Qe7 32. Rf6 Qd7 33. Qe2 a6 34. Qf3 g5 35.
Kh2 a5 36. Be3 b4 37. Kg3 bxc3 38. bxc3 a4 39. Rh1 Rh8 40. h4 Reg8 41. Qe2 Kf8
42. Bc1 Ke8 43. h5 Kd8 44. Ba3 Rg7 45. Rb1 Kc7 46. Bd6+ Kc6 47. Qb2 1-0

[Event "C.to Provinciale AT"]
[Site "Asti ITA"]
[Date "2007.03.24"]
[Round "4"]
[White "Sattanino, Andrea"]
[Black "Fogliati, Alessandro"]
[Result "1-0"]
[WhiteElo "1891"]
[BlackElo "1808"]
[PlyCount "85"]
[EventDate "2007.03.22"]

1. d4 Nf6 2. c4 e6 3. Nc3 Bb4 4. Bd2 O-O 5. Nf3 c5 6. dxc5 Na6 7. a3 Bxc3 8.
Bxc3 Ne4 9. Bd4 Naxc5 10. b4 Na6 11. e3 b6 12. Bd3 Bb7 13. O-O f5 14. Qc2 Nc7
15. Rad1 Ne8 16. Nd2 N8f6 17. Nxe4 Nxe4 18. f3 Nf6 19. Rd2 Qe7 20. Rfd1 Rfd8
21. Bxf6 gxf6 22. e4 fxe4 23. Bxe4 d5 24. cxd5 Bxd5 25. Bxd5 Rxd5 26. Rxd5 exd5
27. Qd2 Rd8 28. Qd4 Qe5 29. g3 Rd7 30. Qg4+ Rg7 31. Qc8+ Kf7 32. Qd7+ Kg6 33.
Qxd5 Qe3+ 34. Kg2 Qxa3 35. Qe4+ Kh6 36. Rd6 Qb2+ 37. Kh3 Rf7 38. Qf5 Kg7 39.
Qg4+ Kh6 40. Rd5 f5 41. Rxf5 Rxf5 42. Qxf5 Qxb4 43. Qf6+ 1-0

[Event "C.to Provinciale AT"]
[Site "Asti ITA"]
[Date "2007.03.24"]
[Round "4"]
[White "Viglino, Antonio"]
[Black "Torrione, William"]
[Result "1-0"]
[WhiteElo "1818"]
[BlackElo "1922"]
[PlyCount "73"]
[EventDate "2007.03.22"]

1. Nf3 d5 2. d4 Nf6 3. c4 c6 4. Nc3 e6 5. Bg5 Nbd7 6. e3 Qa5 7. cxd5 Nxd5 8.
Qd2 Bb4 9. Rc1 N7b6 10. a3 Bxc3 11. bxc3 Qxa3 12. e4 Nf6 13. Bd3 c5 14. O-O c4
15. Ra1 Qf8 16. Bc2 h6 17. Bh4 Nh5 18. Rfb1 Qd6 19. e5 Qc7 20. g4 g5 21. gxh5
gxh4 22. Be4 Nd5 23. Nxh4 Bd7 24. Kf1 Bc6 25. Bxd5 Bxd5 26. Qf4 a6 27. Qf6 Rh7
28. Ke2 Qe7 29. Rg1 Kd7 30. Ng2 Rhh8 31. Ne3 Qxf6 32. exf6 Rhg8 33. Rg7 Raf8
34. Ng4 Rh8 35. Ne5+ Ke8 36. Ra5 b5 37. Rxa6 1-0

[Event "C.to Provinciale AT"]
[Site "Asti ITA"]
[Date "2007.03.25"]
[Round "5"]
[White "Blundo, Michele"]
[Black "Viglino, Antonio"]
[Result "1/2-1/2"]
[WhiteElo "1742"]
[BlackElo "1818"]
[PlyCount "56"]
[EventDate "2007.03.22"]

1. d4 d5 2. c4 c6 3. Nf3 Nf6 4. Nc3 a6 5. e3 b5 6. c5 g6 7. a3 Bg7 8. Be2 Nbd7
9. b4 a5 10. Bb2 e5 11. dxe5 Ng4 12. Nd4 Ngxe5 13. O-O Qc7 14. f4 Nc4 15. Bxc4
bxc4 16. e4 dxe4 17. Nxe4 O-O 18. Nd6 Ba6 19. Bc3 axb4 20. axb4 Nf6 21. Nf3 Nd5
22. Bxg7 Kxg7 23. Qd4+ Kg8 24. Rae1 Nxb4 25. Qf6 Qd8 26. Qxd8 Raxd8 27. Re7 Nd5
28. Re4 Bb5 1/2-1/2

[Event "C.to Provinciale AT"]
[Site "Asti ITA"]
[Date "2007.03.25"]
[Round "5"]
[White "Castellano, Alfonso"]
[Black "Sattanino, Andrea"]
[Result "1-0"]
[WhiteElo "1949"]
[BlackElo "1891"]
[PlyCount "31"]
[EventDate "2007.03.22"]

1. c4 e5 2. Nc3 Nc6 3. g3 b6 4. Bg2 Bb7 5. e4 Nf6 6. Nge2 Nd4 7. d3 Bb4 8. O-O
O-O 9. Nxd4 exd4 10. Ne2 Bc5 11. h3 h6 12. Kh2 Qe7 13. f4 Rfe8 14. g4 g5 15.
Ng3 gxf4 16. Nf5 1-0

[Event "C.to Provinciale AT"]
[Site "Asti ITA"]
[Date "2007.03.25"]
[Round "5"]
[White "Davi, Alessandro"]
[Black "Trangoni, Bruno"]
[Result "1-0"]
[WhiteElo "1677"]
[BlackElo "1970"]
[PlyCount "83"]
[EventDate "2007.03.22"]

1. d4 g6 2. c4 Bg7 3. Nc3 d6 4. e4 Nd7 5. Nf3 e5 6. Be2 Ne7 7. O-O O-O 8. d5 h6
9. Ne1 f5 10. f3 Nf6 11. Be3 Nh5 12. a4 Nf4 13. Nd3 g5 14. Rc1 Neg6 15. c5 a6
16. b4 Nxe2+ 17. Qxe2 Nf4 18. Nxf4 exf4 19. Bf2 Re8 20. Qd3 Qf6 21. Rfe1 fxe4
22. Nxe4 Qd8 23. Bd4 Bf5 24. Bxg7 Kxg7 25. Qc3+ Re5 26. cxd6 cxd6 27. Nxd6 Qxd6
28. Qxe5+ Qxe5 29. Rxe5 Kf6 30. Re2 Rd8 31. Rc5 Rd6 32. Kf2 Rb6 33. b5 axb5 34.
Rxb5 Ra6 35. Rxb7 Rxa4 36. Rb6+ Kf7 37. Rxh6 Bd3 38. Rd2 Bc4 39. d6 Ra1 40. g3
Kg7 41. d7 Ra8 42. Rc6 1-0

[Event "C.to Provinciale AT"]
[Site "Asti ITA"]
[Date "2007.03.25"]
[Round "5"]
[White "Fogliati, Alessandro"]
[Black "Martin, Tiziano"]
[Result "1-0"]
[WhiteElo "1808"]
[BlackElo "2014"]
[PlyCount "91"]
[EventDate "2007.03.22"]

1. c4 e5 2. g3 d6 3. Bg2 Nc6 4. Nc3 Nge7 5. d3 g6 6. Rb1 Bg7 7. b4 O-O 8. b5
Nd4 9. e3 Ne6 10. Nge2 Nc5 11. Bb2 Nd7 12. O-O Nf6 13. Nd5 Nexd5 14. cxd5 a6
15. a4 axb5 16. axb5 Bg4 17. h3 Bd7 18. Qb3 b6 19. Ra1 Qe7 20. Rfc1 Rxa1 21.
Rxa1 Rc8 22. Nc3 Qe8 23. Ra7 h5 24. Qc4 Qd8 25. Kh2 Ne8 26. Na2 Ra8 27. Rxa8
Qxa8 28. Nb4 Qa5 29. Nc6 Bxc6 30. Qxc6 Kf8 31. Kg1 Qb4 32. Bc3 Qc5 33. Bf1 Qxc6
34. dxc6 f5 35. f4 Bf6 36. fxe5 Bxe5 37. Bxe5 dxe5 38. d4 exd4 39. exd4 Nd6 40.
Bd3 Ke7 41. Kf2 g5 42. Kf3 Ke6 43. h4 Kf6 44. Be2 Nf7 45. Bc4 gxh4 46. Bxf7 1-0

[Event "C.to Provinciale AT"]
[Site "Asti ITA"]
[Date "2007.03.25"]
[Round "5"]
[White "Forno, Roberto"]
[Black "Cova, Alessandro"]
[Result "1/2-1/2"]
[WhiteElo "1955"]
[BlackElo "1923"]
[PlyCount "98"]
[EventDate "2007.03.22"]

1. e4 d6 2. d4 Nf6 3. Nc3 c6 4. Nf3 Bg4 5. Be2 e6 6. O-O d5 7. e5 Nfd7 8. Ng5
Bf5 9. g4 Bg6 10. f4 Be7 11. Nh3 f5 12. Nf2 c5 13. dxc5 Nc6 14. Nd3 Nxc5 15. g5
Ne4 16. Nxe4 fxe4 17. Nf2 Bc5 18. c3 O-O 19. b4 Bb6 20. h4 Rc8 21. Kh2 Ne7 22.
h5 Be8 23. h6 Bxf2 24. hxg7 Kxg7 25. Rxf2 Rxc3 26. Bb2 Rc7 27. Bg4 Nf5 28. Bxf5
Rxf5 29. Qd4 Rcf7 30. Kg3 b6 31. Rh1 Rc7 32. a4 Rc4 33. Qd1 Bg6 34. Rc2 Qc7 35.
Rhh2 e3 36. Rxc4 Qxc4 37. Qd4 e2 38. Rh1 Qxd4 39. Bxd4 Rf7 40. Rc1 e1=Q+ 41.
Rxe1 Rc7 42. a5 bxa5 43. bxa5 a6 44. Re3 Rc4 45. Bb6 Bc2 46. Re2 Rc3+ 47. Kf2
Be4 48. Re3 Rxe3 49. Kxe3 Bc2 1/2-1/2

[Event "C.to Provinciale AT"]
[Site "Asti ITA"]
[Date "2007.03.25"]
[Round "5"]
[White "Grattarola, Fabio"]
[Black "Nardelli, Marco"]
[Result "0-1"]
[WhiteElo "2133"]
[BlackElo "2139"]
[PlyCount "106"]
[EventDate "2007.03.22"]

1. d4 Nf6 2. Nf3 e6 3. Bf4 b6 4. g3 Bb7 5. Bg2 c5 6. c3 cxd4 7. cxd4 Bb4+ 8.
Bd2 Be7 9. Nc3 O-O 10. O-O d6 11. Rc1 a6 12. Re1 Nbd7 13. e4 Rc8 14. Qe2 Re8
15. e5 Nd5 16. Nxd5 Bxd5 17. a3 dxe5 18. dxe5 Rxc1 19. Rxc1 Bxf3 20. Bxf3 Nxe5
21. Bb7 Qd7 22. Bg2 Qd3 23. Qxd3 Nxd3 24. Rc7 Bc5 25. b4 Bxf2+ 26. Kf1 Bd4 27.
Rd7 e5 28. Bd5 Rf8 29. Bg5 a5 30. Be7 Rc8 31. Bd6 Nb2 32. Rxf7 Kh8 33. Be4 Nc4
34. Bf8 Nd2+ 35. Ke2 Nxe4 36. Bxg7+ Kg8 37. Re7 Nc3+ 38. Kd3 axb4 39. axb4 Nd5
40. Rb7 Rc7 41. Rxc7 Nxc7 42. Bh6 Kf7 43. Ke4 Ke6 44. g4 Nd5 45. Bd2 Nf6+ 46.
Kf3 e4+ 47. Kf4 Be5+ 48. Ke3 Nxg4+ 49. Kxe4 Nf6+ 50. Kf3 Bxh2 51. Kg2 Bd6 52.
b5 Ne4 53. Be3 Bc5 0-1

[Event "C.to Provinciale AT"]
[Site "Asti ITA"]
[Date "2007.03.25"]
[Round "5"]
[White "Idili, Leonardo"]
[Black "Pomaro, Stefano"]
[Result "1/2-1/2"]
[WhiteElo "1758"]
[BlackElo "1901"]
[PlyCount "84"]
[EventDate "2007.03.22"]

1. d4 f5 2. c4 Nf6 3. Nf3 e6 4. g3 c6 5. Bg2 d5 6. c5 b6 7. b4 a5 8. bxa5 bxc5
9. O-O Rxa5 10. Bd2 Ra8 11. Bg5 Bd6 12. dxc5 Bxc5 13. Qc2 Nbd7 14. Nbd2 O-O 15.
Nb3 Qb6 16. Nxc5 Nxc5 17. Rfc1 Nce4 18. Be3 c5 19. Bxc5 Nxc5 20. Qxc5 Qxc5 21.
Rxc5 Ne4 22. Rc6 Bd7 23. Rc7 Bb5 24. Nd4 Bc4 25. Nxe6 Rf7 26. Rc6 h6 27. e3 Rb7
28. Bxe4 fxe4 29. Kg2 Rxa2 30. Rxa2 Bxa2 31. Nf4 Rd7 32. Ne2 Bc4 33. Nd4 Kf7
34. h4 Ra7 35. Nf5 Be2 36. Nd4 Bc4 37. Rd6 Ra6 38. Rxa6 Bxa6 39. Kh3 Kf6 40.
Kg4 g6 41. Kh3 Bc8+ 42. Kh2 Ba6 1/2-1/2

[Event "C.to Provinciale AT"]
[Site "Asti ITA"]
[Date "2007.03.25"]
[Round "5"]
[White "Porzio, Massimo"]
[Black "Crepaldi, Marco"]
[Result "1-0"]
[WhiteElo "1888"]
[BlackElo "1898"]
[PlyCount "35"]
[EventDate "2007.03.22"]

1. e4 c5 2. Nf3 d6 3. d4 cxd4 4. Nxd4 Nf6 5. Nc3 a6 6. Bg5 e6 7. Bc4 Be7 8. Bb3
Qc7 9. f4 Bd7 10. Qd3 Nc6 11. O-O-O Na5 12. Rhe1 h6 13. Bh4 g5 14. fxg5 hxg5
15. Bxg5 Ng4 16. Bxe7 Nf2 17. Qg3 Nxd1 18. Bxd6 1-0

[Event "C.to Provinciale AT"]
[Site "Asti ITA"]
[Date "2007.03.25"]
[Round "5"]
[White "Pulito, Alberto"]
[Black "Finocchiaro, Gianluca"]
[Result "1-0"]
[WhiteElo "2239"]
[BlackElo "1919"]
[PlyCount "99"]
[EventDate "2007.03.22"]

1. e4 c5 2. c3 g6 3. d4 cxd4 4. cxd4 d5 5. exd5 Nf6 6. Nc3 Nxd5 7. Bc4 Nxc3 8.
bxc3 Bg7 9. Nf3 O-O 10. Bf4 Nc6 11. O-O Bg4 12. Re1 Na5 13. Bb3 Rc8 14. h3 Bxf3
15. Qxf3 Nxb3 16. axb3 Qb6 17. Rxe7 Qxb3 18. Rxb7 Qxc3 19. Qxc3 Rxc3 20. Be3
Rd3 21. Rd7 Ra8 22. Ra6 Rd1+ 23. Kh2 h5 24. g3 Rd3 25. Kg2 Kf8 26. Kf3 Ke8 27.
Rd5 Rd8 28. Rxd8+ Kxd8 29. Ke4 Rd1 30. Rxa7 Ke8 31. h4 Re1 32. Kd5 Rd1 33. Kc5
Bf8+ 34. Kc6 Rd3 35. Ra8+ Ke7 36. d5 Bg7 37. Bc5+ Kf6 38. d6 Ke6 39. Re8+ Kf5
40. d7 Bf6 41. Bd6 Rc3+ 42. Kb7 Rb3+ 43. Kc8 Rd3 44. d8=Q Bxd8 45. Rxd8 Kg4 46.
Kc7 Rc3+ 47. Kd7 Kf3 48. Rf8 f5 49. Rg8 Kxf2 50. Rxg6 1-0

[Event "C.to Provinciale AT"]
[Site "Asti ITA"]
[Date "2007.03.25"]
[Round "5"]
[White "Ronzano, Luca"]
[Black "Marson, Antonio"]
[Result "1-0"]
[WhiteElo "1996"]
[BlackElo "1852"]
[PlyCount "61"]
[EventDate "2007.03.22"]

1. d4 g6 2. e4 Bg7 3. c3 h6 4. Bf4 d6 5. Nd2 a6 6. Bg3 e6 7. f4 Ne7 8. Ngf3 Nd7
9. Bd3 b6 10. O-O Bb7 11. f5 exf5 12. exf5 g5 13. Qc2 Nf6 14. Rac1 Qd7 15. Bc4
Bd5 16. Bxd5 Nfxd5 17. Qe4 c6 18. Nc4 O-O 19. Nxd6 Nc8 20. Nc4 Nf6 21. Qc2 Qd5
22. b3 b5 23. Nce5 Nb6 24. c4 Qd8 25. Nxc6 Qd7 26. d5 Rfe8 27. Nfe5 Qb7 28. Rf2
Nh5 29. Re1 Nxg3 30. hxg3 Bxe5 31. Rxe5 1-0

[Event "C.to Provinciale AT"]
[Site "Asti ITA"]
[Date "2007.03.25"]
[Round "5"]
[White "Torrione, William"]
[Black "Monticone, Sonia"]
[Result "1-0"]
[WhiteElo "1922"]
[BlackElo "1667"]
[PlyCount "43"]
[EventDate "2007.03.22"]

1. d4 Nf6 2. c4 g6 3. Nc3 Bg7 4. e4 d6 5. f3 O-O 6. Be3 Nbd7 7. Qd2 c5 8. d5
Nb6 9. Bh6 a6 10. Bxg7 Kxg7 11. Nge2 Qc7 12. g4 Nxc4 13. Qc1 Ne5 14. Qe3 b5 15.
Ng3 b4 16. Nce2 Qa5 17. h4 c4 18. Nd4 Qc5 19. O-O-O c3 20. h5 Bxg4 21. hxg6
cxb2+ 22. Kb1 1-0

[Event "C.to Provinciale AT"]
[Site "Asti ITA"]
[Date "2007.03.25"]
[Round "6"]
[White "Cova, Alessandro"]
[Black "Fogliati, Alessandro"]
[Result "1-0"]
[WhiteElo "1923"]
[BlackElo "1808"]
[PlyCount "50"]
[EventDate "2007.03.22"]

1. d4 Nf6 2. Nf3 e6 3. Nbd2 c5 4. e3 b6 5. Bd3 Bb7 6. O-O Be7 7. c3 O-O 8. dxc5
Bxc5 9. e4 d5 10. e5 Nfd7 11. Re1 Re8 12. Nb3 Nf8 13. Nbd4 Nc6 14. Ng5 Nxd4 15.
cxd4 Be7 16. Qh5 Bxg5 17. Bxg5 Qd7 18. Re3 g6 19. Qh6 f5 20. exf6 Qf7 21. Rae1
Rac8 22. h4 Rc7 23. Rg3 Kh8 24. Bf4 Rcc8 25. h5 gxh5 1-0

[Event "C.to Provinciale AT"]
[Site "Asti ITA"]
[Date "2007.03.25"]
[Round "6"]
[White "Crepaldi, Marco"]
[Black "Idili, Leonardo"]
[Result "1-0"]
[WhiteElo "1898"]
[BlackElo "1758"]
[PlyCount "43"]
[EventDate "2007.03.22"]

1. e4 d6 2. d4 g6 3. f4 Bg7 4. Nf3 Nf6 5. Nc3 O-O 6. Bc4 Nxe4 7. Nxe4 d5 8. Bd3
dxe4 9. Bxe4 c6 10. c3 Nd7 11. O-O Nf6 12. Bc2 Qc7 13. Ne5 b6 14. f5 Bd7 15.
Bf4 Nd5 16. Nxg6 Nxf4 17. Nxf4 f6 18. Qg4 Kh8 19. Bb3 Bh6 20. Rae1 Bxf4 21.
Rxe7 Bh6 22. Rxh7+ 1-0

[Event "C.to Provinciale AT"]
[Site "Asti ITA"]
[Date "2007.03.25"]
[Round "6"]
[White "Davi, Alessandro"]
[Black "Grattarola, Fabio"]
[Result "0-1"]
[WhiteElo "1677"]
[BlackElo "2133"]
[PlyCount "62"]
[EventDate "2007.03.22"]

1. d4 Nf6 2. c4 g6 3. Nc3 Bg7 4. e4 d6 5. Nf3 O-O 6. Be2 c5 7. O-O cxd4 8. Nxd4
Nc6 9. Be3 Bd7 10. a3 a6 11. Qd2 Rc8 12. Nxc6 Bxc6 13. f3 Re8 14. Rfd1 Qc7 15.
Rac1 Qb8 16. a4 b6 17. b3 Nd7 18. Nd5 Nc5 19. Qb4 Bxd5 20. cxd5 a5 21. Qa3 Rc7
22. Bb5 Rec8 23. b4 axb4 24. Qxb4 Qa7 25. Rb1 Rb7 26. Bc6 Rbb8 27. Bd4 Bxd4+
28. Qxd4 Qa5 29. Qb4 Qa7 30. Rd2 b5 31. Qd4 bxa4 0-1

[Event "C.to Provinciale AT"]
[Site "Asti ITA"]
[Date "2007.03.25"]
[Round "6"]
[White "Finocchiaro, Gianluca"]
[Black "Castellano, Alfonso"]
[Result "1-0"]
[WhiteElo "1919"]
[BlackElo "1949"]
[PlyCount "39"]
[EventDate "2007.03.22"]

1. d4 Nf6 2. Nc3 d5 3. Bg5 Nbd7 4. Nf3 e6 5. e4 dxe4 6. Nxe4 Be7 7. Nxf6+ Nxf6
8. Bd3 h6 9. Bxf6 Bxf6 10. c3 O-O 11. Qe2 Qd5 12. O-O c5 13. dxc5 Qxc5 14. Rad1
Rb8 15. Qe4 g6 16. Qf4 Bd8 17. Qxh6 b5 18. Be4 b4 19. Bxg6 Ba6 20. Qh7# 1-0

[Event "C.to Provinciale AT"]
[Site "Asti ITA"]
[Date "2007.03.25"]
[Round "6"]
[White "Monticone, Sonia"]
[Black "Martin, Tiziano"]
[Result "1/2-1/2"]
[WhiteElo "1667"]
[BlackElo "2014"]
[PlyCount "62"]
[EventDate "2007.03.22"]

1. c4 e5 2. Nc3 Nc6 3. g3 Nge7 4. Bg2 g6 5. e3 Bg7 6. Nge2 O-O 7. d4 d6 8. O-O
Bf5 9. d5 Nb8 10. e4 Bd7 11. b4 a5 12. b5 b6 13. Bg5 Bc8 14. Rc1 Nd7 15. Be3 f5
16. f4 fxe4 17. Nxe4 Nf5 18. Bf2 exf4 19. Nxf4 Ne5 20. Nd3 Bd7 21. Nxe5 Bxe5
22. Nd2 Qe7 23. Nf3 Bf6 24. Re1 Qg7 25. Qd2 Rae8 26. Rxe8 Rxe8 27. Re1 Rxe1+
28. Qxe1 Qe7 29. Qxe7 Bxe7 30. Kf1 Kf7 31. Ke2 Nh6 1/2-1/2

[Event "C.to Provinciale AT"]
[Site "Asti ITA"]
[Date "2007.03.25"]
[Round "6"]
[White "Nardelli, Marco"]
[Black "Quirico, Paolo"]
[Result "0-1"]
[WhiteElo "2139"]
[BlackElo "2035"]
[PlyCount "105"]
[EventDate "2007.03.22"]

1. e4 e6 2. d4 d5 3. Nc3 Bb4 4. e5 c5 5. a3 Bxc3+ 6. bxc3 Ne7 7. Qg4 Qc7 8.
Qxg7 Rg8 9. Qxh7 cxd4 10. Ne2 Nbc6 11. f4 Bd7 12. Qd3 dxc3 13. Nxc3 a6 14. Rb1
Na5 15. h4 Nf5 16. Rh3 O-O-O 17. Bd2 Nc4 18. Rb3 Qc5 19. Ne4 Qg1 20. Ng5 Bb5
21. Rxb5 axb5 22. h5 Nh6 23. Be3 Nxe3 24. Qxe3 Qxe3+ 25. Rxe3 Kd7 26. Rb3 Rc8
27. Bxb5+ Ke7 28. Be2 Rxc2 29. Rxb7+ Kd8 30. g4 Kc8 31. Re7 Rc7 32. Rxc7+ Kxc7
33. Kf2 Ra8 34. Kg3 Rxa3+ 35. Kh4 d4 36. Bd1 Kd7 37. Ne4 Ke7 38. Nf6 Kf8 39.
Kg5 Ng8 40. Ne4 Kg7 41. Nd6 d3 42. f5 exf5 43. gxf5 Ra1 44. f6+ Kf8 45. Bf3
Rg1+ 46. Kf4 d2 47. Ne4 d1=Q 48. Bxd1 Rxd1 49. Ng5 Rh1 50. Nh7+ Ke8 51. Kg5
Rg1+ 52. Kf4 Nh6 53. Ng5 0-1

[Event "C.to Provinciale AT"]
[Site "Asti ITA"]
[Date "2007.03.25"]
[Round "6"]
[White "Pomaro, Stefano"]
[Black "Blundo, Michele"]
[Result "1/2-1/2"]
[WhiteElo "1901"]
[BlackElo "1742"]
[PlyCount "56"]
[EventDate "2007.03.22"]

1. Nf3 Nf6 2. g3 e6 3. Bg2 Be7 4. O-O O-O 5. b3 d6 6. Bb2 Nc6 7. d3 Rb8 8. e4
b6 9. Nbd2 Bb7 10. Re1 Re8 11. Nf1 Bf8 12. h3 e5 13. Ne3 Ne7 14. Nh4 Bc8 15.
Qf3 c6 16. Rad1 Qc7 17. Nhf5 Nxf5 18. Nxf5 Bxf5 19. Qxf5 c5 20. h4 b5 21. Re3
a5 22. g4 Qe7 23. Rh3 a4 24. h5 g6 25. hxg6 fxg6 26. Qg5 Bg7 27. f4 Nd7 28.
Qxe7 Rxe7 1/2-1/2

[Event "C.to Provinciale AT"]
[Site "Asti ITA"]
[Date "2007.03.25"]
[Round "6"]
[White "Sattanino, Andrea"]
[Black "Ronzano, Luca"]
[Result "1/2-1/2"]
[WhiteElo "1891"]
[BlackElo "1996"]
[PlyCount "75"]
[EventDate "2007.03.22"]

1. d4 Nf6 2. c4 Nc6 3. Nc3 e5 4. d5 Ne7 5. e4 Ng6 6. f3 Bc5 7. Nge2 O-O 8. Bd2
Nh5 9. Qc2 d6 10. O-O-O a6 11. g4 Nhf4 12. Nxf4 Nxf4 13. h4 Bd7 14. Ne2 Nxe2+
15. Bxe2 b5 16. b4 Bd4 17. c5 dxc5 18. bxc5 Qe7 19. c6 Bc8 20. Bc3 Be3+ 21. Kb1
b4 22. Bb2 a5 23. Qd3 Bc5 24. Qc2 Bd6 25. Bc4 Ba6 26. Qd3 Bxc4 27. Qxc4 a4 28.
Rd3 Rfb8 29. h5 Ra5 30. Qc2 Ra6 31. Re1 f6 32. Ree3 Kf7 33. Kc1 Rb5 34. Kd1 Rc5
35. Qb1 Rb6 36. Ke1 Rc4 37. Kf1 Bc5 38. Re2 1/2-1/2